00313nam a2200121Ia 4500008004100000024001500041082001700056100001800073245001600091260002500107600002100132650003800153250506s9999 xx 000 0 und d a11B-112-BS a005.1072 SAR aSarmad Jamali 0aGeneric ERP aKarachi:bUIT,c2011 aComputer Science aBachelor of Computer Science (BS)